000 01185cam a2200313Ia 4500
001 50475
005 20230411085920.0
008 050526s2002 ck 000 0 spa d
035 _a(OCoLC)ocm60492913
040 _aUNAMX
_bspa
_cUNAMX
_dBAKER
_dPL#
_dBTCTA
_dYDXCP
020 _a8430939164
020 _a9788430939169
029 1 _aPL#
_b060007965
035 _a(OCoLC)60492913
050 1 4 _a
049 _aGRAL
110 2 _aAsociación Española de Letrados de Parlamentos.
_bJornadas
_n(8 :
_d2001 :
_cValencia, España)
245 1 3 _aEl parlamento del siglo XXI :
_bVIII Jornadas de la Asociación Española de Letrados de Parlamentos.
260 _a[Madrid :
_bTecnos :
_bAsociación Española de Letrados de Parlamentos,
_c2004]
300 _a293 p.
650 4 _aGobierno representativo y representación
_zEspaña
_vCongresos.
650 4 _aCuerpos legislativos
_zEspaña
_vCongresos.
938 _aPuvill Libros
_bPUVL
_n8430939164
_c$25.08
938 _aBaker & Taylor
_bBKTY
_c35.95
_d35.95
_i8430939164
_n0006576122
_sactive
938 _aBaker and Taylor
_bBTCP
_nBK0006576122
938 _aYBP Library Services
_bYANK
_n2652615
942 _2lcc
_cbk
994 _aC0
_bDRFGD
999 _c109259
_d109259